000 00288nam a22001217a 4500
008 160505b xxu||||| |||| 00| 0 eng d
020 _a9780071107372
020 _a0071107371
041 _aeng
080 _a611
245 _aAnatomy and Physiology:
_cKenneth S. Saladin;
942 _2udc
_cBK
999 _c1798
_d1798